000 03215nam a2200409 i 4500
001 ebr10806012
003 CaPaEBR
006 m o d
007 cr cn|||||||||
008 110907t20122012njua obf 000 0 eng|d
020 _z9781556427350 (pbk.)
020 _a9781617116575 (e-book)
040 _aCaPaEBR
_beng
_erda
_epn
_cCaPaEBR
035 _a(OCoLC)874967944
050 1 4 _aRE46
_b.O64 2012eb
082 0 4 _a617.7
_223
245 0 0 _aOphthalmology :
_bclinical and surgical principles /
_c[editedy by] Louis E. Probst, Julie H. Tsai, George Goodman.
264 1 _aThorofare, NJ :
_bSLACK Incorporated,
_c[2012]
264 4 _c�2012
300 _a1 online resource (546 pages) :
_bcolor illustrations
336 _atext
_2rdacontent
337 _acomputer
_2rdamedia
338 _aonline resource
_2rdacarrier
504 _aIncludes bibliographical references.
505 0 _asection I. Basic sciences -- section II. Clinical sciences.
520 _a"Ophthalmology: Clinical and Surgical Principles is a comprehensive, yet, accessible guide to medical and surgical ophthalmology that succinctly addresses the diagnosis and treatment of all major diseases of the eye. Louis E. Probst, Julie H. Tsai, and George Goodman, along with the 16 world expert subspecialty contributors, have organized the concise, clinically focused, and user-friendly chapters by subspecialty and include the indications, techniques, and complications of common ophthalmic surgical procedures. This attentive chapter organization reflects the way modern-day ophthalmology is practiced. Ophthalmology: Clinical and Surgical Principles delivers practical emphasis, allowing the reader to apply the information into a clinical setting. Residents will additionally benefit from the surgical options discussed for specific disorders. Features: - More than 400 high-quality diagrams, figures, and color photographs. - Diagrams, tables, and figures to facilitate comparisons and assimilation of the information. - References to provide a starting point for further study and research. - Study questions at the conclusion of each chapter to allow readers to test their knowledge and prepare for important examinations. Ophthalmology: Clinical and Surgical Principles is comprehensive and practical enough to be a complete resource for the ophthalmologist, ophthalmology resident, optometrist, as well as family physicians, medical students, and ophthalmic technician."--Provided by publisher.
588 _aDescription based on print version record.
590 _aElectronic reproduction. Palo Alto, Calif. : ebrary, 2013. Available via World Wide Web. Access may be limited to ebrary affiliated libraries.
650 0 _aOphthalmology.
655 0 _aElectronic books.
700 1 _aProbst, Louis E.
700 1 _aTsai, Julie H.
700 1 _aGoodman, George,
_cOD.
776 0 8 _iPrint version:
_tOphthalmology : clinical and surgical principles.
_dThorofare, NJ : SLACK Incorporated, [2012]
_hxiv, 525 pages
_z9781556427350
_w(DNLM)101568729
_w(DLC)10806012
797 2 _aebrary.
856 4 0 _uhttp://site.ebrary.com/lib/rucke/Doc?id=10806012
_zAn electronic book accessible through the World Wide Web; click to view
999 _c146925
_d146925